01505naa a2200265 i 4500001000400000003000400004005001700008008003900025040000800064080001700072100013800089245010000227260001000327500002100337520047200358590001300830650002200843650002500865655003000890773016300920711009101083942001301174999001501187952003701202BPPBPK20180216161353.0151125s2005 pl f |100 0 pol cBPK a621.3.037.37 aWIRSKI, Robert.d1996 - .bPolitechnika Koszalińska - Wydział Elektroniki,cKatedra Systemów Cyfrowego Przetwarzania Sygnałów aSzybkie prototypowanie filtrów cyfrowych za pomocą procesora sygnałowego /cRobert Wirski. c2005. aDane z autopsji. aW pracy przedstawiono technikę szybkiego prototypowania filtrów cyfrowych. Proces syntezy i symulacji wykonuje się wykorzystując oprogramowanie dostępne bezpłatnie. Otrzymaną transmitację realizuje się za pomocą płyty uruchomieniowej procesora sygnałowego ADSP-21262 EZ-KIT LITE oraz dołączonego do niej oprogramowania. Przebieg całego procesu zaprezentowano na przykładzie dolnoprzepustowego cyfrowego filtru eliptycznego czwartego rzędu. aartykuł 0aKonwersja danych. 0aProcesor sygnałowy. 0aMateriały konferencyjne. iW :tCzwarta Krajowa Konferencja Elektroniki : materiały konferencji. T. 1/2. -dKoszalin : Wyd. Uczelniane Politechniki Koszalińskiej, 2005. -gs. 201-206 aKrajowa Konferencja Elektronikin(4 ;d2005 ;cDarłowko Wschodnie, Polska).pKKE'2005 cART2UKD c3695d3695 00104070aBPKbBPKo77968yART